000 00556nam a22001577a 4500
003 NUST
038 _aNusrat Nadeem
082 _a200
100 _aFatima, Abisha
_9134433
245 _aEpidemic Intelligence: A Knowledge-Infused Neuro-Symbolic Framework for Explainable Event Detection in Healthcare/
_cAbisha Fatima,
264 _aIslamabad:
_SSEECS NUST,
_c2026.
650 _aMS-Information Technology
_926924
700 _aThesis Advisor Dr. Shah Khalid
_9134434
856 _uhttp://10.250.8.41:8080/xmlui/handle/123456789/57762
942 _2ddc
_cSC
999 _c617433
_d617433